| 000 | 00428cam a2200193ua 4500 | ||
|---|---|---|---|
| 001 | 9064 | ||
| 005 | 20260515114424.0 | ||
| 008 | 150220n xxk |||gr||||Z||||||eng | ||
| 040 | _cMAIN | ||
| 041 | _aeng | ||
| 082 | _a823N | ||
| 100 |
_aBaum, L. F., _eAuthor. |
||
| 245 | 1 |
_aWizard of oz _cBy L. F. Baum |
|
| 250 | _a1st. | ||
| 260 |
_aLondon: _bArmada, _c1973. |
||
| 300 | _a168p. | ||
| 653 | _aEnglish fiction | ||
| 942 | _cBK | ||
| 999 |
_c8147 _d8147 |
||